000 00639nam a2200181Ia 4500
008 220216s9999 xx 000 0 und d
100 _aThomas V
245 0 _aProtein-storing cells in the bark tissue of Hevea brasiliensis with respect to tapping panel dryness and stimulation
260 _bPLACROSYM XIX, 7-10 December 2010, Kottayam. Climate Change. 19th Biennial Symposium on Plantation Crops. Abstracts.pp.96-97.
650 _aprotein storing cells
650 _aStimulation
650 _aTapping panel dryness
700 _aAmbily P K
700 _aDivya V
700 _aKrishnakumar R
700 _aReghu C P
942 _cJS
999 _c66067
_d66067